| 000 | 00830cam a22002651 4500 | ||
|---|---|---|---|
| 001 | 2149 | ||
| 003 | FISKH | ||
| 005 | 20231107143920.0 | ||
| 008 | 710208r1968 nyuac 000 0beng | ||
| 010 | _a 68029113 | ||
| 020 | _a9780590442305 | ||
| 040 |
_aDLC _cDLC _dDLC _beng |
||
| 050 | 0 | 0 |
_aE185.97.K5 _bT5 |
| 082 | 0 | 0 |
_a323.4/0924 _aB |
| 100 | _aDavidson, Margaret | ||
| 245 | 1 | 0 |
_aI have a dream ; _bthe story of Martin Luther King / _cby Margaret Davidson |
| 260 |
_aNew York : _bScholastic, _c1986. |
||
| 300 |
_a127 pages : _billustrations ; _c20 cm |
||
| 505 | _aQ | ||
| 520 | _aA biography of Martin Luther King, who sought equality for blacks through nonviolent means. | ||
| 521 | 8 |
_a680
_bLexile |
|
| 521 | 8 |
_aQ
_bRaz-Plus |
|
| 906 |
_a7 _bcbc _corignew _du _eocip _f19 _gy-gencatlg |
||
| 942 |
_2ddc _cBK _n0 |
||
| 999 |
_c2149 _d2149 |
||